| 000 | 01070nam a2200289 i 4500 | ||
|---|---|---|---|
| 001 | 70013 | ||
| 003 | ES-MaACL | ||
| 005 | 20250824195338.0 | ||
| 007 | t| | ||
| 008 | 040715s1962 sp ||||1| spa d | ||
| 080 | _a929 Huntington, Archer Milton | ||
| 080 | _a929 Huntington, Anna Hyatt | ||
| 080 | _a914.6(079.3) | ||
| 100 | 1 |
_aGarcía-Mazas, José. _954929 |
|
| 245 | 1 | 3 |
_aEl poeta y la escultora _b: la España que Huntington conoció / _cJosé García Mazas ; prólogo de Pedro Laín Entralgo. |
| 260 |
_aMadrid : _bRevista de Occidente, _c[1962] |
||
| 300 |
_a527 p., [28] p. de lám. ; _c29 cm. |
||
| 595 | _aPublicación de The Hispanic Society of America. | ||
| 599 | _aRetr. de Archer Milton Huntington. | ||
| 600 | 1 | 7 |
_aHuntington, Archer Milton, _d1870-1955 _2embne _9128092 |
| 600 | 1 | 4 |
_aHuntington, Anna Hyatt. _9171927 |
| 651 | 4 |
_aEspaña- _xDescripción- _yS.XX. _98187 |
|
| 700 | 1 |
_aLaín Entralgo, Pedro, _d1908-2001 _969681 |
|
| 710 | 2 |
_aHispanic Society of America. _94583 |
|
| 852 |
_aES-MaACL _jC-21866 |
||
| 999 |
_c70013 _d70013 |
||